MARC

LEADER 00000nam0a2200000 4500
001 284045
005 20231101235645.0
035 |a (RuTPU)RU\TPU\book\308184 
035 |a RU\TPU\book\304384 
090 |a 284045 
100 |a 20150212d1984 k y0rusy50 ca 
101 0 |a rus 
102 |a RU 
105 |a a z 001zy 
200 1 |a Исследования скальных оснований гидротехнических сооружений  |e сборник научных трудов  |f Всесоюзный научно-исследовательский институт гидротехники им. Б. Е. Веденеева (ВНИИГ) 
210 |a Ленинград  |c Энергоатомиздат  |d 1984 
215 |a 113 с.  |c ил. 
225 1 |a Известия ВНИИГ им. Б. Е. Веденеева  |v Т. 172 
320 |a Библиография в конце статей 
606 |a Гидротехнические сооружения  |x Основания и фундаменты на скальных грунтах  |2 stltpush  |3 (RuTPU)RU\TPU\subj\6883  |9 34660 
610 1 |a скальные основания 
610 1 |a исследования 
610 1 |a прочностные свойства 
610 1 |a деформационные свойства 
610 1 |a фильтрационные свойства 
610 1 |a напряженно-деформированные состояния 
675 |a 627.8.05  |v 3 
712 0 2 |a Всесоюзный научно-исследовательский институт гидротехники им. Б. Е. Веденеева (ВНИИГ)  |2 stltpush  |3 (RuTPU)RU\TPU\col\11485 
801 1 |a RU  |b 63413507  |c 20060323  |g PSBO 
801 2 |a RU  |b 63413507  |c 20171004  |g PSBO 
942 |c BK